| 000 | 00360nam a2200133 4500 | ||
|---|---|---|---|
| 082 | _a297.63 SAQ | ||
| 100 | _aAbdul Rasheed Bhatti Saqi | ||
| 245 | _aHadees-e-Shauq (Naaton ka Majmoa) Urdu | ||
| 260 |
_aIslamabad _bPaper Communication System _c2007 |
||
| 300 |
_a396p. _e22cm. |
||
| 650 | _aNon-fiction | ||
| 700 | _aAbdul Rasheed Bhatti Saqi | ||
| 942 | _cBK | ||
| 999 |
_c12311 _d12311 |
||